000 00855nam a2200265 a 4500
001 732
003 BR-CuiBMT
005 20231114222358.0
008 230929s2008 spb 000 0 por d
020 _a9788536112015
040 _aBR-CuiBMT
_cBR-CuiBMT
080 _a347.51:331.1
_22007
090 _a347.51:331.1
_bS237r
_c2. ed.
100 1 _aSantos, Enoque Ribeiro dos,
_d1954-
245 1 0 _aResponsabilidade objetiva e subjetiva do empregador em face do novo código civil /
_cEnoque Ribeiro dos Santos.
250 _a2. ed., rev. e ampli.
260 _aSão Paulo :
_bLTr,
_c2008.
300 _a288 p. :
_c24 cm
504 _aInclui bibliografia.
650 _aDireito civil
_xLegislação
_zBrasil
650 _aDireito do trabalho
_zBrasil
650 _aEmpregadores
_xResponsabilidades
650 _aDireito processual civil
942 _2udc
_cLV
999 _c732
_d732